Statystyki dla Rozpoznaj serwis internetowy po krótkim opisie

Kliknij tutaj aby rozwiązać quiz!

Ogólne statystyki

  • Ten quiz został rozwiązany 472 razy
  • Średni wynik to 9 z 14

Statystyki odpowiedzi

OpisOdpowiedź% Poprawnych
Fotograficzny serwis społecznościowy założony jesienią 2010 roku. Głównymi kolorami portalu są odcienie fioletowego i pomarańczowego.Instagram
91%
Portal społecznościowy założony przez m.in. Marka Zuckerberga w 2004 roku. Pierwsza litera nazwy serwisu pojawia się w logo firmy.Facebook
88%
Serwis będący aplikacją mobilną, służącą głównie do wysyłania zdjęć. Aplikacja, której symbolem jest biała postać na żółtym tle, dostępna jest na Android'zie oraz iOS'ie.Snapchat
82%
Polski komunikator internetowy z 2000 roku. Serwis dostępny zarówno na komputery, jak i na urządzenia mobilne. Dwuliterowy skrót oznacza również "Dobrej gry!" wśród graczy.GG
81%
Serwis internetowy przeznaczony do tworzenia oraz rozwiązywania quiz'ów i łamigłówek.JetPunk
76%
Azjatycki serwis internetowy, będący sklepem online. Właścicielem strony, założonej w 2010 roku, jest Alibaba Group. Można kupić tam wiele ciekawych produktów po "groszowych cenach".AliExpress
73%
Amerykański serwis handlowy, będący mocno rozpowszechniony zarówno w USA, jak i w Niemczech. W logo strzałka wskazuje pierwszą i ostatnią literę alfabetu.Amazon
73%
Serwis internetowy z siedzibą w Kalifornii, założony w 2005 r. Pierwszą opublikowaną rzeczą było tam "Me at the zoo". Aktualnym prezem zarządu jest Susan Wojcicki.YouTube
70%
Kalifornijski serwis społecznościowy udostępniający usługę mikroblogowania. Założony w 2006 roku. W logo zauważymy zwierzę o niebieskim kolorze.Twitter
69%
Największa platforma transakcyjna online w Polsce. Portal należy do przedsiębiorstwa o tej samej nazwie. Serwis uruchomiono po raz pierwszy w 1999 roku.Allegro
61%
Serwis ogłoszeniowy należący do afrykańskiej grupy technologicznej. Działa w ponad 40 krajach, a jego głównym celem jest wystawianie przez prywatnych ludzi ogłoszeń.OLX
57%
Amerykański serwis internetowy przedstawiający linki do różnorodnych rzeczy, które pojawiły się w sieci. Strona podzielona jest na wiele "kategorii" dotyczących konkretnych rzeczy.Reddit
29%
Polski serwis internetowy z kategorii tzw. social news istniejący od grudnia 2005 roku. W założeniu jest kopią amerykańskiej digg.com - strony o podobnej tematyce.wykop.pl
22%
Serwis społecznościowy przeznaczony do kolekcjonowania i porządkowania zebranych materiałów wizualnych. Uruchomiono w styczniu 2010 roku.Pinterest
16%

Rozkład punktacji

Percentyl według liczby udzielonych odpowiedzi

Procent ludzi z każdym wynikiem

Twoja historia wyników

Nie rozwiązałeś tego quizu